La expropiación en su manifestación judicial
Gardado en:
| Autor Principal: | |
|---|---|
| Formato: | Libro |
| Idioma: | Lingua castelá |
| Publicado: |
Santiago
Librotecnia
2011
|
| Edición: | 1a. ed |
| Subjects: | |
| Tags: |
Engadir etiqueta
Sen Etiquetas, Sexa o primeiro en etiquetar este rexistro!
|
MARC
| LEADER | 00000cam a2200000 a 4500 | ||
|---|---|---|---|
| 001 | UCF0947 | ||
| 003 | CL-VaPUC | ||
| 008 | 120614e20111200CL |||||||||||||||||spa|d | ||
| 020 | |a 9789563270587 | ||
| 082 | 0 | 4 | |a 347.001 |b PON |2 21 |
| 100 | 0 | |a Ponce Correa, Patricio |e author |9 562599 | |
| 245 | 1 | 3 | |a La expropiación en su manifestación judicial |
| 250 | |a 1a. ed | ||
| 300 | |a 499 p | ||
| 942 | |c BK | ||
| 945 | |d 20120614 00:00:00 |a dcastane | ||
| 260 | |a Santiago |b Librotecnia |c 2011 | ||
| 650 | 0 | |a Derecho de propiedad |9 256450 | |
| 650 | 7 | |a EXPROPIACION |2 CL-VaPUC |9 360440 | |
| 650 | 0 | |a Propiedad privada |9 257919 | |
| 583 | |a last modification |c 20130325 04:25:08 |k Rodrigo Vera | ||
| 999 | |c 347979 |d 347977 | ||
| 952 | |0 0 |1 0 |4 0 |6 347_001000000000000_PON_2011 |7 0 |8 A |9 449812 |a BIBDER |b BIBDER |d 2019-11-22 |i 4857216 |l 2 |o 347.001 PON 2011 |p 4857216 |r 2023-09-20 |s 2023-08-18 |w 2019-11-22 |y BK |k DER | ||